| 000 | 00509nam a2200193 a 4500 | ||
|---|---|---|---|
| 001 | 3588 | ||
| 003 | CDMR | ||
| 005 | 20131111104119.0 | ||
| 008 | 130130s1953||||||||||||||||||||||||||||d | ||
| 040 |
_aCDMR _bcat _cCDMR |
||
| 110 | 2 |
_92558 _aAssociated Press |
|
| 245 | 1 | 4 | _aThe Associated Press Style Book |
| 250 | _aG.P. Winkler | ||
| 260 |
_aNew York _c1953 _bThe Associated Press |
||
| 300 | _a64 p. | ||
| 500 | _aConté dos fullets solts. | ||
| 654 |
_93086 _aPeriodisme _vLlibres d'estil |
||
| 942 |
_cMON _2udc |
||
| 999 |
_c3588 _d3588 |
||